00663nam a2200193Ia 4500952009700000999001700097008004100114020001500155050002200170082002400192100003100216245005100247250001800298260002400316300001800340519001100358650008800369942001200457 00104070a12b12d2008-11-28l0oK4602.2 M3 1979p12 000639r2015-04-22t1w2012-11-01yLB c86827d86827121101s9999 xx 000 0 und d a968419546X aK4602.2 bM3 1979 a341.7543 M213q 1979 aMalpica de Lamadrid, Luis. a¿Qué es el GATT? / Luis Malpica de Lamadrid a2a. Edición aMéxico : Grijalbo aXXIII, 510 p. a()d() a1. ADUANAS (ARANCELES) - LEYES Y LEGISLACION. 2. COMERCIO EXTERIOR - REGULACION.Ì 2lcccLB